All Tori Amos Songs - Statistics

General Stats
  • This quiz has been taken 29 times
  • The average score is 165 of 319
Answer Stats
Hint Answer % Correct
Under The Pink Cornflake Girl
100%
Little Earthquakes Crucify
94%
Little Earthquakes Girl
94%
Boys For Pele Hey Jupiter
94%
Scarlet's Walk Amber Waves
88%
Boys For Pele Beauty Queen/Horses
88%
Boys For Pele Father Lucifer
88%
From The Choirgirl Hotel Hotel
88%
Little Earthquakes Leather
88%
Little Earthquakes Little Earthquakes
88%
Little Earthquakes Me And A Gun
88%
Under The Pink Past The Mission
88%
Little Earthquakes Precious Things
88%
Little Earthquakes Silent All These Years
88%
Scarlet's Walk Strange
88%
Strange Little Girls Strange Little Girl
88%
Under The Pink The Waitress
88%
To Venus And Back 1000 Oceans
82%
Boys For Pele Agent Orange
82%
Scarlet's Walk A Sorta Fairytale
82%
From The Choirgirl Hotel Black-Dove (January)
82%
To Venus And Back Bliss
82%
Boys For Pele Blood Roses
82%
Scarlet's Walk Carbon
82%
Boys For Pele Caught A Lite Sneeze
82%
Scarlet's Walk Crazy
82%
Scarlet's Walk Don't Make Me Come To Vegas
82%
Boys For Pele Doughnut Song
82%
Under The Pink | Under The Pink: Deluxe Edition God
82%
Scarlet's Walk Gold Dust
82%
Strange Little Girls Happiness Is A Warm Gun
82%
Little Earthquakes Happy Phantom
82%
Strange Little Girls I Don't Like Mondays
82%
The Beekeeper Ireland
82%
Boys For Pele Marianne
82%
Little Earthquakes Mother
82%
Scarlet's Walk Pancake
82%
Boys For Pele | Escape From LA: Soundtrack Professional Widow
82%
From The Choirgirl Hotel Raspberry Swirl
82%
Scarlet's Walk Scarlet's Walk
82%
From The Choirgirl Hotel She's Your Cocaine
82%
From The Choirgirl Hotel Spark
82%
Boys For Pele | Twister: Soundtrack Talula
82%
Under The Pink Bells For Her
76%
Little Earthquakes China
76%
Under The Pink Cloud On My Tongue
76%
From The Choirgirl Hotel Cruel
76%
Strange Little Girls Enjoy The Silence
76%
To Venus And Back Glory Of The 80's
76%
From The Choirgirl Hotel I I E E E
76%
From The Choirgirl Hotel Jackie's Strength
76%
To Venus And Back Josephine
76%
From The Choirgirl Hotel Liquid Diamonds
76%
To Venus And Back Lust
76%
Scarlet's Walk Mrs Jesus
76%
Boys For Pele Mr Zebra
76%
Boys For Pele Muhammad My Friend
76%
The Beekeeper Parasol
76%
Scarlet's Walk Taxi Ride
76%
Little Earthquakes Tear In Your Hand
76%
The Beekeeper The Beekeeper
76%
Scarlet's Walk Virginia
76%
Scarlet's Walk Wednesday
76%
Little Earthquakes Winter
76%
Scarlet's Walk Your Cloud
76%
Abnormally Attracted To Sin Abnormally Attracted To Sin
71%
Unrepentant Geraldines America
71%
Scarlet's Walk Another Girl's Paradise
71%
Under The Pink Baker Baker
71%
To Venus And Back Concertina
71%
Scarlet's Walk I Can't See New York
71%
Boys For Pele In The Springtime Of His Voodoo
71%
The Beekeeper Jamaica Inn
71%
Abnormally Attracted To Sin Maybe California
71%
From The Choirgirl Hotel Pandora's Aquarium
71%
From The Choirgirl Hotel Playboy Mommy
71%
Strange Little Girls Rattlesnakes
71%
Tales Of A Librarian Snow Cherries From France
71%
Ocean To Ocean Speaking With Trees
71%
The Beekeeper Sweet The Sting
71%
Scarlet's Walk Wampum Prayer
71%
Under The Pink Yes Anastasia
71%
American Doll Posse | Body Of War: Soundtrack Yo George
71%
Ocean To Ocean Addition Of Light Divided
65%
The Beekeeper Barons Of Suburbia
65%
American Doll Posse Bouncing Off Clouds
65%
American Doll Posse Code Red
65%
American Doll Posse Fat Slut
65%
Little Earthquakes: Deluxe Edition Here In My Head
65%
Under The Pink Icicle
65%
To Venus And Back Juarez
65%
Abnormally Attracted To Sin Lady In Blue
65%
The Beekeeper Mother Revolution
65%
From The Choirgirl Hotel | Snow Cake: Soundtrack Northern Lad
65%
Ocean To Ocean Ocean To Ocean
65%
Abnormally Attracted To Sin Police Me
65%
Boys For Pele Putting The Damage On
65%
Native Invader Reindeer King
65%
More Pink: The B-Sides Sister Janet
65%
Little Earthquakes: Deluxe Edition Smells Like Teen Spirit
65%
Ocean To Ocean Spies
65%
To Venus And Back Spring Haze
65%
Little Earthquakes: Deluxe Edition | More Pink: The B-Sides Sugar
65%
Scarlet's Walk Sweet Sangria
65%
The Beekeeper Toast
65%
Boys For Pele Twinkle
65%
Unrepentant Geraldines Unrepentant Geraldines
65%
Little Earthquakes: Deluxe Edition | More Pink: The B-Sides Upside Down
65%
The Beekeeper Witness
65%
Strange Little Girls 97 Bonnie & Clyde
59%
Native Invader Bats
59%
American Doll Posse Big Wheel
59%
Ocean To Ocean Birthday Baby
59%
Christmastide Christmastide
59%
To Venus And Back Datura
59%
Ocean To Ocean Flowers Burn To Gold
59%
The Beekeeper General Joy
59%
Abnormally Attracted To Sin Ophelia
59%
The Beekeeper Original Sinsuality
59%
Under The Pink Pretty Good Year
59%
Under The Pink Space Dog
59%
Little Earthquakes: Deluxe Edition Thoughts
59%
Boys For Pele: 20th Anniversary Edition To The Fair Motormaids Of Japan
59%
Boys For Pele Way Down
59%
Abnormally Attracted To Sin Welcome To England
59%
Abnormally Attracted To Sin 500 Miles
53%
Night Of Hunters Carry
53%
Native Invader Climb
53%
From The Choirgirl Hotel: B-Sides Cooling
53%
Night Of Hunters Fearlessness
53%
Little Earthquakes: Deluxe Edition Flying Dutchman
53%
Abnormally Attracted To Sin Give
53%
The Beekeeper Goodbye Pisces
53%
Boys For Pele Little Amsterdam
53%
Ocean To Ocean Metal Water Wood
53%
Night Of Hunters Nautical Twilight
53%
Unrepentant Geraldines Promise
53%
From The Choirgirl Hotel Purple People
53%
Strange Little Girls Raining Blood
53%
To Venus And Back Suede
53%
Little Earthquakes: Deluxe Edition Sweet Dreams
53%
American Doll Posse Teenage Hustling
53%
The Beekeeper The Power Of Orange Knickers (ft Damien Rice)
53%
Under The Pink The Wrong Band
53%
Strange Little Girls Time
53%
Ocean To Ocean 29 Years
47%
Boys For Pele: 20th Anniversary Edition Alamo
47%
The Beekeeper Cars And Guitars
47%
More Pink: The B-Sides Daisy Dead Petals
47%
Abnormally Attracted To Sin Flavor
47%
More Pink: The B-Sides Honey
47%
The Beekeeper Hoochie Woman
47%
Ocean To Ocean How Glass Is Made
47%
Abnormally Attracted To Sin Mary Jane
47%
Night Of Hunters Night Of Hunters (ft Kelsey Dobyns)
47%
Boys For Pele Not The Red Baron
47%
Little Earthquakes: Deluxe Edition Ode To The Banana King (Part One)
47%
Strange Little Girls Real Men
47%
To Venus And Back Riot Poof
47%
Great Expectations: Soundtrack Siren
47%
The Beekeeper Sleeps With Butterflies
47%
American Doll Posse Smokey Joe
47%
Ocean To Ocean Swim To New York State
47%
Unrepentant Geraldines Trouble's Lament
47%
Tales Of A Librarian Angels
41%
Midwinter Graces A Silent Night With You
41%
Native Invader Bang
41%
Night Of Hunters Battle Of Trees
41%
American Doll Posse Beauty Of Speed
41%
Native Invader Benjamin
41%
More Pink: The B-Sides Black Swan
41%
Mission Impossible 2: Soundtrack Carnival
41%
Native Invader Chocolate Song
41%
Ocean To Ocean Devil's Bane
41%
American Doll Posse Dragon
41%
Tower Of Song: The Songs Of Leonard Cohen Famous Blue Raincoat
41%
American Doll Posse Father's Son
41%
Abnormally Attracted To Sin Fire To Your Plain
41%
American Doll Posse Girl Disappearing
41%
Boys For Pele: 20th Anniversary Edition Graveyard
41%
Strange Little Girls Heart Of Gold
41%
Night Of Hunters Job's Coffin (ft Natashya Hawley)
41%
The Beekeeper Martha's Foolish Ginger
41%
Native Invader Mary's Eyes
41%
Strange Little Girls New Age
41%
Under The Pink: Deluxe Edition Over It
41%
Unrepentant Geraldines Oysters
41%
American Doll Posse Posse Bonus
41%
The Beekeeper Ribbons Undone
41%
Native Invader Russia (Deluxe Edition Bonus Track)
41%
Night Of Hunters Shattering Sea
41%
Little Earthquakes: Deluxe Edition Song For Eric
41%
Night Of Hunters Star Whisperer
41%
Boys For Pele: 20th Anniversary Edition Sucker
41%
Little Earthquakes: Deluxe Edition | More Pink: The B-Sides Take To The Sky
41%
Little Earthquakes: Deluxe Edition The Pool
41%
Native Invader Up The Creek (ft Tash)
41%
American Doll Posse Velvet Revolution
41%
Unrepentant Geraldines Weatherman
41%
Unrepentant Geraldines: 10th Anniversary Edition White Telephone To God
41%
Unrepentant Geraldines Wild Way
41%
Midwinter Graces Winter's Carol
41%
More Pink: The B-Sides A Case Of You
35%
Strange Little Girls: B-Sides After All
35%
Under The Pink: Deluxe Edition All The Girls Hate Her
35%
American Doll Posse Almost Rosey
35%
Good Omens: Soundtrack A Nightingale Sang In Berkeley Square
35%
Christmastide Better Angels
35%
American Doll Posse Body And Soul
35%
Native Invader Broken Arrow
35%
Higher Learning: Soundtrack Butterfly
35%
Night Of Hunters Cactus Practice (ft Natashya Hawley)
35%
Native Invader Cloud Riders
35%
Abnormally Attracted To Sin Curtain Call
35%
Unrepentant Geraldines: 10th Anniversary Edition Dixie
35%
From The Choirgirl Hotel: B-Sides Do It Again
35%
Midwinter Graces Emmanuel
35%
Boys For Pele: 20th Anniversary Edition Frog On My Toe
35%
Unrepentant Geraldines Giant's Rolling Pin
35%
From The Choirgirl Hotel: B-Sides Have Yourself A Merry Little Christmas
35%
Christmastide Holly
35%
Midwinter Graces Holly, Ivy And Rose
35%
Under The Pink: Deluxe Edition Home On The Range
35%
Little Earthquakes: Deluxe Edition Humpty Dumpty
35%
Strange Little Girls I'm Not In Love
35%
The Music Of Tori And The Muses Insect Ballet
35%
The Beekeeper Marys Of The Sea
35%
From The Choirgirl Hotel: B-Sides Merman
35%
American Doll Posse Mr Bad Man
35%
Mona Lisa Smile: Soundtrack Murder He Says
35%
Abnormally Attracted To Sin Not Dying Today
35%
Strange Little Girls: B-Sides Only Women Bleed
35%
Midwinter Graces Our New Year
35%
American Doll Posse Programmable Soda
35%
American Doll Posse Roosterspur Bridge
35%
Unrepentant Geraldines Selkie
35%
Night Of Hunters Seven Sisters
35%
Midwinter Graces Snow Angel
35%
Night Of Hunters Snowblind (ft Natashya Hawley)
35%
Abnormally Attracted To Sin Starling
35%
Abnormally Attracted To Sin That Guy
35%
Toys: Original Soundtrack The Happy Worker
35%
Boys For Pele: 20th Anniversary Edition This Old Man
35%
Native Invader Upside Down 2 (Deluxe Edition Bonus Track)
35%
Midwinter Graces What Child Nowell
35%
Native Invader Wildwood
35%
Native Invader Wings
35%
Mona Lisa Smile: Soundtrack You Belong To Me
35%
American Doll Posse You Can Bring Your Dog
35%
Night Of Hunters Your Ghost
35%
Unrepentant Geraldines 16 Shades Of Blue
29%
Boys For Pele: 20th Anniversary Edition Amazing Grace
29%
The Music Of Tori And The Muses Anna's Bakery
29%
From The Choirgirl Hotel: B-Sides Bachelorette
29%
From The Choirgirl Hotel: B-Sides Beulah Land
29%
Native Invader Breakaway
29%
Christmastide Circle Of Seasons
29%
American Doll Posse Dark Side Of The Sun
29%
American Doll Posse Devils And Gods
29%
American Doll Posse Digital Ghost
29%
Night Of Hunters Edge Of The Moon
29%
Abnormally Attracted To Sin Fast Horse
29%
Audrie & Daisy: Soundtrack Flicker
29%
Unrepentant Geraldines: 10th Anniversary Edition Forest Of Glass
29%
Midwinter Graces Harps Of Gold
29%
Unrepentant Geraldines Invisible Boy
29%
Midwinter Graces Jeanette Isabella
29%
The Music Of Tori And The Muses Knocking
29%
Boys For Pele: 20th Anniversary Edition London Girls
29%
Higher Learning: Soundtrack Losing My Religion
29%
From The Choirgirl Hotel: B-Sides Never Seen Blue
29%
Abnormally Attracted To Sin Oscar's Theme (UK Bonus Track)
29%
Midwinter Graces Pink And Glitter
29%
Unrepentant Geraldines Rose Dover
29%
American Doll Posse Secret Spell
29%
Boys For Pele: 20th Anniversary Edition Sister Named Desire
29%
The Music Of Tori And The Muses S'Magic Day
29%
Midwinter Graces Star Of Wonder
29%
Abnormally Attracted To Sin Strong Black Vine
29%
Boys For Pele: 20th Anniversary Edition Toodles Mr Jim
29%
Boys For Pele: 20th Anniversary Edition Walk To Dublin (Sucker's Reprise)
29%
Unrepentant Geraldines Wedding Day
29%
Non-Album Single Baltimore
24%
Ima Blue Skies (BT ft Tori Amos)
24%
Midwinter Graces Candle: Coventry Carol
24%
The Music Of Tori And The Muses Day And Night
24%
Great Expectations: Soundtrack Finn
24%
Boys For Pele: 20th Anniversary Edition Hungarian Wedding Song
24%
The Music Of Tori And The Muses Mermaid Muse Speaks
24%
Single Tequila
24%
Night Of Hunters The Chase (ft Natashya Hawley)
24%
Midwinter Graces Comfort And Joy (Deluxe Edition Bonus Track)
18%
The Light Princess: Soundtrack Darkest Hour
18%
Encomium: A Tribute To Led Zeppelin Down By The Seaside
18%
Boys For Pele: 20th Anniversary Edition Fire-Eater's Wife
18%
Midwinter Graces Good King Wenceslas (iTunes Bonus Track)
18%
The Light Princess: Soundtrack Highness In The Sky
18%
More Pink: The B-Sides Little Drummer Boy
18%
Unrepentant Geraldines Maids Of Elfen-Mare
18%
The Music Of Tori And The Muses Rain Brings Change
18%
Ruby Trax Ring My Bell - The NME's Roaring Forty
18%
Blackbird - The Beatles Album She's Leaving Home (Miloš Karadaglić ft Tori Amos)
18%
The Music Of Tori And The Muses Spike's Lament
18%
Midwinter Graces Stille Nacht, Heilige Nacht (Silent Night, Holy Night) (Deluxe Edition Bonus Track)
18%
Echoes: Ancient & Modern Swimming Pools (Drank) (Trevor Horn ft Tori Amos)
18%
They Die by Dawn & Other Short Stories... Wait Until Tomorrow (The Bullitts ft Tori Amos)
18%
Here Lies Love Why Don't You Love Me (David Byrne & Fatboy Slim ft Tori Amos)
18%
Here Lies Love You'll Be Taken Care Of (David Byrne & Fatboy Slim ft Tori Amos)
18%
The Music Of Tori And The Muses Building A Mountain
12%
Hand Of Fate: Soundtrack Me & You
6%
Don Juan DeMarco: Soundtrack It Might Hurt A Bit (With Michael Stipe)
0%
No matching quizzes found
Score Distribution
Percent of People with Each Score
Percentile by Number Answered
Your Score History
You have not taken this quiz